| 000 | 00759 a2200205 4500 | ||
|---|---|---|---|
| 005 | 20080917111826.0 | ||
| 008 | 080917t xxu||||| |||| 00| 0 eng d | ||
| 010 | _aENG-87784 | ||
| 020 |
_a8178801558 _c350.00 |
||
| 035 | _aEN-71317 | ||
| 037 | _bDBAD / PUB | ||
| 082 | _a541.2242 | ||
| 100 | _aSarn, K. | ||
| 245 |
_aCoordination chemistry _cby K. Sarn |
||
| 260 |
_aNew Delhi _bRajat Publications _c2005 |
||
| 270 |
_a4675/21, Ansari Road, Daryaganj _bNew Delhi _e110 002 |
||
| 300 |
_aV, 130 p. _c22 cm ( Hb.) |
||
| 942 |
_adpl _cEN _k541.2242/SAR _2ddc _h541.2242 _mSAR |
||
| 999 |
_c6982 _d6982 |
||